[Event "Deutsche Ländermeisterschaft 2013"]
[Site "Hannover GER"]
[Date "2013.10.06"]
[Round "7"]
[White "Pallas, Sebastian"]
[Black "Raum, Sebastian"]
[Result "1-0"]
[Termination "normal"]
[Board "3.3"]
[WhiteTitle "14"]
[BlackTitle "20"]
[WhiteElo "1903"]
[BlackElo "2147"]
[WhiteTeam "Sachsen-Anhalt"]
[BlackTeam "Niedersachsen 1"]
[WhiteFideId "12905453"]
[BlackFideId "24673935"]
[EventCountry "GER"]
[EventRounds "7"]
[EventType "team-swiss"]
[EventDate "2013.10.02"]

1. e4 c5 2. Nf3 d6 3. d4 cxd4 4. Nxd4 Nf6 5. Nc3 a6 6. Bg5 e6 7. f4 Be7 8. Qf3
Qc7 9. O-O-O Nbd7 10. g4 b5 11. Bxf6 Nxf6 12. g5 Nd7 13. f5 O-O 14. Bh3 b4 15.
fxe6 bxc3 16. exd7 Bxd7 17. Rhg1 Bxh3 18. Qxh3 Rfc8 19. Qxc3 Qxc3 20. bxc3 g6
21. Rd3 Rc5 22. h4 Rac8 23. Kd2 Bf8 24. Ne2 Re8 25. Rg4 Rc6 26. Rd5 Bg7 27. Nd4
Rc4 28. Rxd6 Rec8 29. Ne2 Ra4 30. Rd7 Be5 31. Rd5 Re8 32. Kd3 Rxa2 33. Rg1 Rb2
34. c4 Rb6 35. c5 Rc6 36. Rb1 Bh2 37. Nd4 Rc7 38. c6 Rec8 39. Rb7 Bg1 40. Rd7
Bh2 41. Rbxc7 Bxc7 42. Kc4 Kf8 43. Kc5 Ke8 44. Ne2 Be5 45. Kd5 Bc7 46. Kc5 Be5
47. c3 Rc7 48. Rd5 Re7 49. c4 Bc7 50. Kd4 Re6 51. Kc5 Rxe4 52. Nc3 Re7 53. Na2
f5 54. gxf6 Re6 55. Nb4 Rxf6 56. Nxa6 Rf7 57. Nxc7+ 1-0

[Event "Deutsche Ländermeisterschaft 2013"]
[Site "Hannover GER"]
[Date "2013.10.06"]
[Round "7"]
[White "Düssler, Stefanie"]
[Black "Niegsch, Nicolas"]
[Result "1-0"]
[Termination "normal"]
[Board "3.4"]
[WhiteTitle "18w"]
[BlackTitle "16"]
[WhiteElo "2036"]
[BlackElo "2004"]
[WhiteTeam "Niedersachsen 1"]
[BlackTeam "Sachsen-Anhalt"]
[WhiteFideId "4634780"]
[BlackFideId "12932140"]
[EventCountry "GER"]
[EventRounds "7"]
[EventType "team-swiss"]
[EventDate "2013.10.02"]

1. e4 c5 2. Nf3 d6 3. d4 cxd4 4. Nxd4 Nf6 5. Nc3 e6 6. Be3 a6 7. f3 b5 8. Qd2
Nbd7 9. g4 Nb6 10. a4 bxa4 11. Nxa4 Nxa4 12. Rxa4 Bb7 13. Be2 Be7 14. h4 d5 15.
g5 Nh5 16. Rg1 e5 17. Nf5 d4 18. Bf2 Bf8 19. Bc4 Bc6 20. Ra2 Qb8 21. Kd1 Bb4
22. c3 dxc3 23. bxc3 Bf8 24. Kc2 Qc7 25. Rd1 Nf4 26. Nd6+ Bxd6 27. Qxd6 Bxe4+
28. fxe4 Qxc4 29. Qd7+ Kf8 30. Qd6+ Ke8 31. Qxe5+ Ne6 32. Qd5 Qc8 33. Ra4 Kf8
34. Rb1 Qe8 35. Rab4 Rd8 36. Rb8 Qa4+ 37. Kd2 Qa2+ 38. R1b2 Qa5 39. Qd6+ Ke8
40. Bb6 1-0

[Event "Deutsche Ländermeisterschaft 2013"]
[Site "Hannover GER"]
[Date "2013.10.06"]
[Round "7"]
[White "Stein, Robert"]
[Black "Bruns, Kai-Christian"]
[Result "0-1"]
[Termination "normal"]
[Board "3.5"]
[WhiteTitle "12"]
[BlackTitle "14"]
[WhiteElo "1761"]
[BlackElo "1806"]
[WhiteTeam "Sachsen-Anhalt"]
[BlackTeam "Niedersachsen 1"]
[WhiteFideId "12921084"]
[BlackFideId "12938025"]
[EventCountry "GER"]
[EventRounds "7"]
[EventType "team-swiss"]
[EventDate "2013.10.02"]

1. e4 c5 2. Nf3 Nc6 3. d4 cxd4 4. Nxd4 Nf6 5. Nc3 e6 6. Ndb5 Bc5 7. Bf4 O-O 8.
Bc7 Qe7 9. Bd6 Bxd6 10. Qxd6 Qd8 11. Qd2 a6 12. Nd6 Ne8 13. O-O-O Nxd6 14. Qxd6
b5 15. h4 Qa5 16. Kb1 b4 17. Ne2 Bb7 18. Rh3 Rac8 19. Nd4 Nxd4 20. Qxd4 Qc5 21.
Qxc5 Rxc5 22. Re3 Rfc8 23. Bd3 d5 24. exd5 Bxd5 25. f3 g6 26. g4 a5 27. Rde1
Kg7 28. f4 Bc4 29. Re5 Bxd3 30. cxd3 a4 31. Rxc5 Rxc5 32. Re4 Rb5 33. Kc2 Kf6
34. a3 Rc5+ 35. Kd2 b3 36. Rc4 Rxc4 37. dxc4 e5 38. Ke3 Ke6 39. g5 f5 40. gxf6
Kxf6 41. Ke4 exf4 42. Kxf4 h6 43. c5 Ke6 44. Ke4 g5 45. hxg5 hxg5 46. c6 Kd6
47. Kf5 Kxc6 48. Kxg5 Kd5 49. Kf4 Kd4 0-1

[Event "Deutsche Ländermeisterschaft 2013"]
[Site "Hannover GER"]
[Date "2013.10.06"]
[Round "7"]
[White "Diederichs, Luise"]
[Black "Roseneck, Jonas"]
[Result "1/2-1/2"]
[Termination "normal"]
[Board "3.6"]
[WhiteTitle "16w"]
[BlackTitle "12"]
[WhiteElo "1932"]
[BlackElo "1740"]
[WhiteTeam "Niedersachsen 1"]
[BlackTeam "Sachsen-Anhalt"]
[WhiteFideId "24661597"]
[BlackFideId "12939870"]
[EventCountry "GER"]
[EventRounds "7"]
[EventType "team-swiss"]
[EventDate "2013.10.02"]

1. f4 e5 2. fxe5 d6 3. exd6 Bxd6 4. Nf3 g5 5. g3 g4 6. Nh4 h5 7. d4 Be7 8. Bf4
Bxh4 9. gxh4 Qxh4+ 10. Bg3 Qe7 11. Nc3 h4 12. Be5 Nf6 13. Qd3 Nc6 14. O-O-O Be6
15. Bxf6 Qxf6 16. d5 Ne5 17. Qb5+ Bd7 18. Qxb7 O-O 19. e4 Rab8 20. Qa6 Qf4+ 21.
Kb1 Qf3 22. Bd3 Rb6 23. Qa3 Rfb8 24. b3 Nxd3 25. cxd3 Qf6 26. Qb2 a5 27. Rhf1
Qg7 28. Ne2 a4 29. Qxg7+ Kxg7 30. Kb2 axb3 31. a3 c6 32. dxc6 Rxc6 33. Nd4 Rd6
34. Nf5+ Bxf5 35. Rxf5 Rg6 36. Rg1 Rd8 37. Rf4 Rxd3 38. Rgxg4 Rh3 39. Rxh4 Rg2+
40. Kb1 Rg1+ 41. Kb2 Rg2+ 42. Kb1 1/2-1/2

[Event "Deutsche Ländermeisterschaft 2013"]
[Site "Hannover GER"]
[Date "2013.10.06"]
[Round "7"]
[White "Cejda, Cecilia"]
[Black "Laubrock, Paul"]
[Result "0-1"]
[Termination "normal"]
[Board "3.7"]
[WhiteTitle "12w"]
[BlackTitle "12"]
[WhiteElo "1400"]
[BlackElo "1752"]
[WhiteTeam "Sachsen-Anhalt"]
[BlackTeam "Niedersachsen 1"]
[WhiteFideId "12921122"]
[BlackFideId "1270509"]
[EventCountry "GER"]
[EventRounds "7"]
[EventType "team-swiss"]
[EventDate "2013.10.02"]

1. e4 e6 2. d4 d5 3. Nd2 Nf6 4. e5 Nfd7 5. Ngf3 c5 6. c3 Nc6 7. Be2 cxd4 8.
cxd4 f6 9. exf6 Qxf6 10. Nf1 h6 11. Ng3 Bd6 12. O-O O-O 13. Nh5 Qf7 14. Ng3 Re8
15. Re1 Nf6 16. Bd3 e5 17. Nf5 Bxf5 18. Bxf5 e4 19. Nh4 Ne7 20. Bh3 Rf8 21. f3
Qh5 22. fxe4 Qxh4 23. e5 Bb4 24. Be6+ Kh8 25. g3 Qh5 26. exf6 Qxd1 27. fxg7+
Kxg7 28. Rxd1 Rf6 29. Bh3 Raf8 30. Bf4 Ng6 31. Be5 Nxe5 32. dxe5 Rf2 33. Rxd5
Rxb2 34. Rb5 b6 35. Kh1 Rff2 36. e6 Rxh2+ 37. Kg1 Bc5+ 38. Rxc5 bxc5 39. e7
Rhe2 40. Rc1 Rxe7 41. Rxc5 Rxa2 42. g4 Re1+ 43. Bf1 Raa1 44. Rf5 Rxf1+ 45. Rxf1
Rxf1+ 46. Kxf1 Kg6 0-1

[Event "Deutsche Ländermeisterschaft 2013"]
[Site "Hannover GER"]
[Date "2013.10.06"]
[Round "7"]
[White "Schulze, Lara"]
[Black "Bierfreund, Trine Maja"]
[Result "1-0"]
[Termination "normal"]
[Board "3.8"]
[WhiteTitle "12w"]
[BlackTitle "12w"]
[WhiteElo "1785"]
[BlackElo "1253"]
[WhiteTeam "Niedersachsen 1"]
[BlackTeam "Sachsen-Anhalt"]
[WhiteFideId "12956830"]
[BlackFideId "12957372"]
[EventCountry "GER"]
[EventRounds "7"]
[EventType "team-swiss"]
[EventDate "2013.10.02"]

1. d4 d5 2. c4 e6 3. Nf3 Nf6 4. Nc3 Be7 5. Bg5 O-O 6. e3 h6 7. Bf4 Nbd7 8. Bd3
dxc4 9. Bxc4 Nb6 10. Bb3 c5 11. O-O cxd4 12. Nxd4 Re8 13. Ndb5 Rf8 14. Nc7 Rb8
15. Qxd8 Rxd8 16. N7d5 Bd6 17. Nxf6+ gxf6 18. Bxd6 Rxd6 19. Ne4 Rd8 20. Nxf6+
Kg7 21. Ne4 Bd7 22. Rfd1 Bc6 23. Nc3 Rg8 24. f3 Kh8 25. Kf2 Rg7 26. e4 Rbg8 27.
g3 Nd7 28. Ba4 Bxa4 29. Nxa4 Ne5 30. Rac1 Rg6 31. Rc5 Nc6 32. Rd7 Rb8 33. Rxf7
Kg8 34. Rd7 Rg7 35. Rxg7+ Kxg7 36. Rc2 Kf6 37. Nc5 Ke7 38. Rd2 b6 39. Nb3 a5
40. Nd4 Nxd4 41. Rxd4 Rc8 42. Rd2 b5 43. Kg2 Rc5 44. f4 h5 45. Kf3 b4 46. h3
Rb5 47. g4 hxg4+ 48. hxg4 e5 49. f5 Rb6 50. Rd5 Kf6 51. Rxa5 Rb7 52. Ra6+ Kg7
53. Re6 Rd7 54. Ke3 Rd1 55. Rxe5 Rg1 56. Rb5 Rxg4 57. Rxb4 Kf6 58. e5+ 1-0

[Event "Deutsche Ländermeisterschaft 2013"]
[Site "Hannover GER"]
[Date "2013.10.06"]
[Round "7"]
[White "Bräuer, Franz"]
[Black "Günnigmann, Manuel"]
[Result "0-1"]
[Termination "normal"]
[Board "4.1"]
[WhiteTitle "20"]
[BlackTitle "20"]
[WhiteElo "2282"]
[BlackElo "2140"]
[WhiteTeam "Thüringen"]
[BlackTeam "Niedersachsen 2"]
[WhiteFideId "24634468"]
[BlackFideId "24640360"]
[EventCountry "GER"]
[EventRounds "7"]
[EventType "team-swiss"]
[EventDate "2013.10.02"]

1. Nf3 Nf6 2. c4 d6 3. d4 Nbd7 4. Nc3 e5 5. e4 Be7 6. Be2 O-O 7. O-O c6 8. Qc2
a6 9. Rd1 Qc7 10. Rb1 b5 11. b4 Re8 12. a4 exd4 13. Nxd4 bxc4 14. Bxc4 Ne5 15.
Ba2 Bg4 16. f3 Bd7 17. Be3 Rac8 18. Rdc1 c5 19. bxc5 dxc5 20. Nde2 c4 21. Nf4
Bc5 22. Bxc5 Qxc5+ 23. Kh1 Bc6 24. Nce2 Neg4 25. Bxc4 Nf2+ 26. Kg1 Nh3+ 27. Kh1
Nf2+ 28. Kg1 N2xe4+ 29. Kh1 Nf2+ 30. Kg1 Nh3+ 31. Kh1 Nf2+ 32. Kg1 Bd5 33. Bxd5
Nh3+ 34. Kh1 Nf2+ 35. Kg1 Nh3+ 36. Kh1 Qxc2 37. Rxc2 Rxc2 38. Bb3 Nxf4 39. Bxc2
Nxe2 40. Bd3 Nc3 41. Rc1 Na2 0-1

[Event "Deutsche Ländermeisterschaft 2013"]
[Site "Hannover GER"]
[Date "2013.10.06"]
[Round "7"]
[White "Kyas, Philipp"]
[Black "Hoffmann, Tim"]
[Result "1-0"]
[Termination "normal"]
[Board "4.2"]
[WhiteTitle "18"]
[BlackTitle "16"]
[WhiteElo "2060"]
[BlackElo "1943"]
[WhiteTeam "Niedersachsen 2"]
[BlackTeam "Thüringen"]
[WhiteFideId "24670936"]
[BlackFideId "12900338"]
[EventCountry "GER"]
[EventRounds "7"]
[EventType "team-swiss"]
[EventDate "2013.10.02"]

1. d4 Nf6 2. c4 e6 3. Nc3 Bb4 4. e3 b6 5. Nge2 Ba6 6. a3 Bxc3+ 7. Nxc3 d5 8. b3
O-O 9. Be2 Nc6 10. a4 Na5 11. Ba3 Re8 12. Nb5 Ne4 13. Bd3 f5 14. O-O c6 15. f3
cxb5 16. fxe4 bxc4 17. exf5 cxd3 18. fxe6 Rxe6 19. Rf8+ Qxf8 20. Bxf8 Rxf8 21.
b4 Nc4 22. Qxd3 Rxe3 23. Qc2 Re4 24. b5 Bc8 25. Qc3 a5 26. Qg3 Bf5 27. Rf1 Ree8
28. Qg5 Be4 29. Re1 h6 30. Qh5 Bg6 31. Qh4 Rxe1+ 32. Qxe1 Be4 33. Qg3 Kh7 34.
h3 Rf6 35. Qe1 h5 36. Qh4 Bg6 37. Kh2 Ne3 38. Qg5 Nf5 39. g4 hxg4 40. hxg4 Ne7
41. Qe5 Ng8 42. Qxd5 Bc2 43. Kg3 Rg6 44. g5 Nf6 45. Qh1+ Kg8 46. Kf4 Bxa4 47.
gxf6 Rxf6+ 48. Ke5 Bb3 49. Qa8+ Rf8 50. Qc6 Rf6 51. d5 Rxc6 52. bxc6 Ba4 53.
Kd6 Bb5 54. c7 Ba6 55. Ke7 a4 56. d6 a3 57. d7 1/2-1/2

[Event "Deutsche Ländermeisterschaft 2013"]
[Site "Hannover GER"]
[Date "2013.10.06"]
[Round "7"]
[White "Rinck, Michael"]
[Black "Nguyen, Huy Dat"]
[Result "1/2-1/2"]
[Termination "normal"]
[Board "4.4"]
[WhiteTitle "14"]
[BlackTitle "14"]
[WhiteElo "1830"]
[BlackElo "1871"]
[WhiteTeam "Niedersachsen 2"]
[BlackTeam "Thüringen"]
[WhiteFideId "24690104"]
[BlackFideId "12923486"]
[EventCountry "GER"]
[EventRounds "7"]
[EventType "team-swiss"]
[EventDate "2013.10.02"]

1. e4 c5 2. c3 d5 3. exd5 Qxd5 4. d4 Nc6 5. Nf3 Bf5 6. Be2 cxd4 7. cxd4 Bxb1 8.
Rxb1 e6 9. a3 Nf6 10. b4 b5 11. O-O Be7 12. Bb2 a6 13. Ne5 Nxe5 14. dxe5 Qxd1
15. Rfxd1 Nd5 16. Bf3 O-O-O 17. Bxd5 Rxd5 18. Rxd5 exd5 19. Rd1 Rd8 20. f4 g6
21. g4 Kb7 22. Rd2 Rd7 23. Kg2 a5 24. bxa5 Ka6 25. Kf3 Kxa5 26. f5 Kb6 27. Kf4
Kc6 28. Rc2+ Kb7 29. e6 fxe6 30. fxe6 Rc7 31. Rxc7+ Kxc7 32. Ke5 Kc6 33. h3 h5
34. gxh5 gxh5 35. Bc1 d4 36. Kxd4 Kd6 37. Bd2 Bf6+ 38. Ke4 Kxe6 39. Bb4 Be5 40.
Bf8 Bf6 41. Kf4 Bd8 42. Bb4 {Ke5+ Ke4+} 1/2-1/2

[Event "Deutsche Ländermeisterschaft 2013"]
[Site "Hannover GER"]
[Date "2013.10.06"]
[Round "7"]
[White "Scheftlein, Richard"]
[Black "Evers, Annika"]
[Result "1-0"]
[Termination "normal"]
[Board "4.5"]
[WhiteTitle "16"]
[BlackTitle "20w"]
[WhiteElo "1915"]
[BlackElo "1810"]
[WhiteTeam "Thüringen"]
[BlackTeam "Niedersachsen 2"]
[WhiteFideId "12945609"]
[BlackFideId "24691933"]
[EventCountry "GER"]
[EventRounds "7"]
[EventType "team-swiss"]
[EventDate "2013.10.02"]

1. d4 d5 2. Nf3 Nf6 3. e3 Bg4 4. h3 Bh5 5. g4 Bg6 6. Ne5 e6 7. h4 h6 8. Nxg6
fxg6 9. Bd3 Ne4 10. Nd2 Nxd2 11. Bxg6+ Kd7 12. Bxd2 Qf6 13. h5 Bd6 14. Qe2 Nc6
15. f4 Raf8 16. O-O-O Kc8 17. Be1 Ne7 18. Bh4 1-0

[Event "Deutsche Ländermeisterschaft 2013"]
[Site "Hannover GER"]
[Date "2013.10.06"]
[Round "7"]
[White "Phunhon Lopez, Daniel A."]
[Black "Riedel, Erich"]
[Result "1/2-1/2"]
[Termination "normal"]
[Board "4.6"]
[WhiteTitle "12"]
[BlackTitle "12"]
[WhiteElo "1764"]
[BlackElo "1739"]
[WhiteTeam "Niedersachsen 2"]
[BlackTeam "Thüringen"]
[WhiteFideId "12952567"]
[BlackFideId "12958646"]
[EventCountry "GER"]
[EventRounds "7"]
[EventType "team-swiss"]
[EventDate "2013.10.02"]

1. e4 e6 2. d4 d5 3. e5 c5 4. c3 Nc6 5. Nf3 Qb6 6. a3 Nh6 7. b4 cxd4 8. cxd4
Nf5 9. Bb2 Bd7 10. Be2 Rc8 11. Qd2 Be7 12. O-O O-O 13. Bd3 Nh4 14. Nxh4 Bxh4
15. Qe3 Be7 16. Nd2 Qd8 17. Nb3 b6 18. Bc1 f6 19. f4 f5 20. Bd2 Be8 21. Be2 Bf7
22. g4 Bg6 23. g5 Bf7 24. Kh1 g6 25. Qh3 Be8 26. Rf3 Rf7 27. Rc3 Bf8 28. Rac1
Rcc7 29. Qd3 Nb8 30. Qc2 Rxc3 31. Qxc3 Bc6 32. b5 Bb7 33. Na1 Nd7 34. Nc2 Nc5
35. Nb4 Nd7 1/2-1/2

[Event "Deutsche Ländermeisterschaft 2013"]
[Site "Hannover GER"]
[Date "2013.10.06"]
[Round "7"]
[White "Ratay, Meike"]
[Black "Schlichter, Lisa"]
[Result "0-1"]
[Termination "normal"]
[Board "4.7"]
[WhiteTitle "12w"]
[BlackTitle "16w"]
[WhiteElo "1496"]
[BlackElo "1664"]
[WhiteTeam "Thüringen"]
[BlackTeam "Niedersachsen 2"]
[WhiteFideId "12977608"]
[BlackFideId "12926396"]
[EventCountry "GER"]
[EventRounds "7"]
[EventType "team-swiss"]
[EventDate "2013.10.02"]

1. e4 c5 2. Nf3 Nc6 3. d4 cxd4 4. Nxd4 g6 5. Nc3 Bg7 6. Be3 Nf6 7. Bc4 Qa5 8.
O-O O-O 9. Bb3 d6 10. h3 Bd7 11. Re1 Nxd4 12. Bxd4 Bc6 13. Nd5 e5 14. Bc3 Qd8
15. Qd3 Nxd5 16. exd5 Bd7 17. Qd2 Re8 18. f4 Bh6 19. Rf1 f5 20. g3 Qb6+ 21. Qf2
Qxf2+ 22. Rxf2 e4 23. Re2 Bb5 24. Ree1 Rac8 25. h4 Kf7 26. Rad1 Bf8 27. Bd4 b6
28. Kf2 Be7 29. Be3 h6 30. Rh1 Rh8 31. Kg2 Be2 32. c3 Bxd1 33. Bxd1 Rcg8 34.
Ba4 Rd8 35. Kf2 g5 36. hxg5 hxg5 37. Rxh8 Rxh8 38. Kg2 Kg6 39. Bd1 Rh7 40. Be2
Bf8 41. c4 Bh6 42. fxg5 Bxg5 43. Bf2 Bf6 44. b3 Be5 45. Be3 Kf6 46. Bd1 Rg7 47.
Bf2 Bxg3 48. Bxg3 f4 0-1

[Event "Deutsche Ländermeisterschaft 2013"]
[Site "Hannover GER"]
[Date "2013.10.06"]
[Round "7"]
[White "Mönster, Madita"]
[Black "Nguyen, Ha Thanh"]
[Result "0-1"]
[Termination "normal"]
[Board "4.8"]
[WhiteTitle "12w"]
[BlackTitle "12w"]
[WhiteElo "1545"]
[BlackElo "1550"]
[WhiteTeam "Niedersachsen 2"]
[BlackTeam "Thüringen"]
[WhiteFideId "12947156"]
[BlackFideId "12942154"]
[EventCountry "GER"]
[EventRounds "7"]
[EventType "team-swiss"]
[EventDate "2013.10.02"]

1. e4 c5 2. Nf3 Nc6 3. d4 cxd4 4. Nxd4 g6 5. Nc3 Bg7 6. Be3 Nf6 7. Bc4 Qa5 8.
f3 O-O 9. Bb3 d6 10. Qd2 Bd7 11. O-O-O Rfc8 12. g4 Ne5 13. h4 h5 14. Qe2 hxg4
15. f4 Nf3 16. Nxf3 gxf3 17. Qxf3 Bg4 18. Qg3 Bxd1 19. Rxd1 Kf8 20. Rg1 Rxc3
21. bxc3 Qxc3 22. e5 Qa1+ 23. Kd2 Ne4+ 24. Ke2 Nxg3+ 25. Rxg3 dxe5 26. fxe5
Qxe5 27. Rf3 Bf6 28. Rf2 Qh5+ 29. Kf1 Qxh4 30. Bd2 Rd8 31. Be1 Rd1 32. Re2 Qh1+
33. Kf2 Bh4+ 34. Ke3 Bxe1 35. Bc4 Qg1+ 36. Ke4 Rd4+ 37. Kf3 Rxc4 38. Re4 Qf2+
39. Kg4 Rxe4+ 40. Kg5 Qg3+ 41. Kh6 Rh4# 0-1

[Event "Deutsche Ländermeisterschaft 2013"]
[Site "Hannover GER"]
[Date "2013.10.06"]
[Round "7"]
[White "Neef, Maximilian"]
[Black "Hahn, Markus"]
[Result "1/2-1/2"]
[Termination "normal"]
[Board "5.1"]
[WhiteTitle "18"]
[BlackTitle "20"]
[WhiteElo "2252"]
[BlackElo "2239"]
[WhiteTeam "Sachsen"]
[BlackTeam "Hessen"]
[WhiteFideId "24692085"]
[BlackFideId "24654647"]
[EventCountry "GER"]
[EventRounds "7"]
[EventType "team-swiss"]
[EventDate "2013.10.02"]

1. g3 c5 2. c4 g6 3. Bg2 Bg7 4. Nc3 Nc6 5. Nf3 a6 6. O-O Rb8 7. a4 d6 8. d3 Nf6
9. Bd2 O-O 10. Rb1 Bd7 11. Ne1 Ne8 12. Nc2 Nc7 13. b4 cxb4 14. Nxb4 Nxb4 15.
Rxb4 b5 16. axb5 axb5 17. cxb5 Nxb5 18. Nxb5 Rxb5 19. Rxb5 Bxb5 20. Qb3 Bd7 21.
Rb1 Bg4 22. h3 Be6 23. Qa4 Qc8 24. Rb7 Bf6 25. g4 Qc5 26. g5 Bd4 27. e3 Bc3 28.
Bxc3 Qxc3 29. Qb4 Qxb4 30. Rxb4 f6 31. h4 Kf7 32. Rf4 Kg7 33. Re4 Kf7 34. Rf4
Kg7 35. Kh2 Bf5 36. d4 h6 37. gxf6+ Rxf6 38. e4 1/2-1/2

[Event "Deutsche Ländermeisterschaft 2013"]
[Site "Hannover GER"]
[Date "2013.10.06"]
[Round "7"]
[White "Baskin, Robert"]
[Black "Möhn, Hans"]
[Result "1/2-1/2"]
[Termination "normal"]
[Board "5.2"]
[WhiteTitle "14"]
[BlackTitle "18"]
[WhiteElo "2138"]
[BlackElo "2184"]
[WhiteTeam "Hessen"]
[BlackTeam "Sachsen"]
[WhiteFideId "24662402"]
[BlackFideId "24647837"]
[EventCountry "GER"]
[EventRounds "7"]
[EventType "team-swiss"]
[EventDate "2013.10.02"]

1. e4 e6 2. d4 d5 3. Nc3 Nf6 4. e5 Nfd7 5. f4 c5 6. Nf3 Nc6 7. Be3 Be7 8. Qd2
a6 9. Be2 b5 10. dxc5 Nxc5 11. a3 Bb7 12. O-O O-O 13. Nd4 Qc7 14. Rad1 Rad8 15.
Qe1 f6 16. exf6 Rxf6 17. Nxc6 Bxc6 18. g3 Rff8 19. Bd4 Bd6 20. Bf3 Rde8 21. Qf2
Nd7 22. Qg2 Nb6 23. Ne2 Nc4 24. Nc1 Re7 25. Nd3 Be8 26. Rfe1 Bg6 27. c3 a5 28.
Ne5 Nxe5 29. Bxe5 Bxe5 30. Rxe5 b4 31. axb4 axb4 32. cxb4 Qb6+ 33. Kh1 Qxb4 34.
Rde1 d4 35. h4 h6 36. Rd1 Rd8 37. Be4 Bxe4 38. Qxe4 Red7 39. Rxe6 Qb7 40. Rxd4
Qxe4+ 41. Rdxe4 Rd1+ 42. Re1 R8d2 43. b4 Rxe1+ 44. Rxe1 Rb2 45. Re4 Kf7 46. g4
h5 47. f5 hxg4 48. Rxg4 Kf6 49. Rc4 Kxf5 50. Kg1 g5 51. hxg5 Kxg5 52. Kf1 Kf5
53. Ke1 Ke5 54. Kd1 Kd5 55. Rh4 Kc6 56. Kc1 Rg2 57. Rh5 Kb6 58. b5 1/2-1/2

[Event "Deutsche Ländermeisterschaft 2013"]
[Site "Hannover GER"]
[Date "2013.10.06"]
[Round "7"]
[White "Richter, Leonard"]
[Black "Galkin, Wladislaw"]
[Result "0-1"]
[Termination "normal"]
[Board "5.3"]
[WhiteTitle "16"]
[BlackTitle "18"]
[WhiteElo "2020"]
[BlackElo "2088"]
[WhiteTeam "Sachsen"]
[BlackTeam "Hessen"]
[WhiteFideId "12900290"]
[BlackFideId "4603192"]
[EventCountry "GER"]
[EventRounds "7"]
[EventType "team-swiss"]
[EventDate "2013.10.02"]

1. e4 e5 2. Nf3 Nc6 3. d4 exd4 4. Nxd4 Nf6 5. Nxc6 bxc6 6. e5 Qe7 7. Qe2 Nd5 8.
c4 Nb6 9. Nc3 g6 10. Ne4 Bg7 11. Nf6+ Kd8 12. b3 d6 13. Bb2 Nd7 14. Nxd7 Bxd7
15. f4 Re8 16. O-O-O f6 17. exf6 Bxf6 18. Qxe7+ Kxe7 19. Be2 Bxb2+ 20. Kxb2 c5
21. Bf3 Rab8 22. Kc3 Kf6 23. Rhe1 a5 24. Re4 Rxe4 25. Bxe4 Bg4 26. Re1 Re8 27.
Kd3 Bf5 28. Re3 h5 29. g3 c6 30. h3 Rxe4 {Kd4 Ke5+} 0-1

[Event "Deutsche Ländermeisterschaft 2013"]
[Site "Hannover GER"]
[Date "2013.10.06"]
[Round "7"]
[White "Keller, Peter"]
[Black "Urban, Konstantin"]
[Result "1/2-1/2"]
[Termination "normal"]
[Board "5.4"]
[WhiteTitle "16"]
[BlackTitle "14"]
[WhiteElo "2036"]
[BlackElo "1842"]
[WhiteTeam "Hessen"]
[BlackTeam "Sachsen"]
[WhiteFideId "1272105"]
[BlackFideId "12927511"]
[EventCountry "GER"]
[EventRounds "7"]
[EventType "team-swiss"]
[EventDate "2013.10.02"]

1. e4 c5 2. Nf3 d6 3. d4 cxd4 4. Nxd4 Nf6 5. Nc3 a6 6. Be2 e6 7. O-O Qc7 8. f4
Be7 9. Qe1 Nc6 10. Be3 O-O 11. Qg3 Bd7 12. f5 Nxd4 13. Bxd4 e5 14. Be3 Kh8 15.
Rad1 Bc6 16. Bf3 b5 17. a3 Rac8 18. Rf2 Qb7 19. Bg5 b4 20. axb4 Qxb4 21. Bxf6
Bxf6 22. Nd5 Bxd5 23. c3 Qb6 24. Rxd5 Rc5 25. Rd1 a5 26. Kh1 Rb5 27. Rdd2 Rd8
28. h4 Qe3 29. Qh3 Rdb8 30. Kh2 Bd8 31. g4 Bb6 32. Rg2 Qe1 33. Qg3 Qxg3+ 34.
Kxg3 Bc5 35. g5 R5b6 36. h5 Be3 37. Rd5 Bxg5 38. Rxa5 h6 39. b4 Rc6 40. Ra3 Be3
41. Rga2 Rbc8 42. Rc2 Bd4 43. b5 Rc5 44. c4 Rxb5 45. cxb5 Rxc2 46. Ra8+ Kh7 47.
Rf8 Rc7 48. Kg2 g6 49. fxg6+ fxg6 50. Rf6 gxh5 51. Bxh5 Bc5 52. Rf7+ Rxf7 53.
Bxf7 1/2-1/2

[Event "Deutsche Ländermeisterschaft 2013"]
[Site "Hannover GER"]
[Date "2013.10.06"]
[Round "7"]
[White "Gungl, Theo"]
[Black "Schmalhorst, Sophia"]
[Result "1/2-1/2"]
[Termination "normal"]
[Board "5.5"]
[WhiteTitle "12"]
[BlackTitle "18w"]
[WhiteElo "1948"]
[BlackElo "1945"]
[WhiteTeam "Sachsen"]
[BlackTeam "Hessen"]
[WhiteFideId "24695653"]
[BlackFideId "24682497"]
[EventCountry "GER"]
[EventRounds "7"]
[EventType "team-swiss"]
[EventDate "2013.10.02"]

1. e4 e5 2. Nf3 Nc6 3. Bb5 Nge7 4. Nc3 g6 5. Nd5 Bg7 6. d3 Nxd5 7. exd5 Ne7 8.
O-O O-O 9. Re1 d6 10. c4 h6 11. d4 exd4 12. Nxd4 Nf5 13. Nxf5 Bxf5 14. Ba4 Qh4
15. Qe2 Be5 16. g3 Qh3 17. f4 Bf6 18. Be3 Bg4 19. Qf2 a6 20. Rac1 Bd7 21. Bd1
Rae8 22. Bf3 h5 23. Bg2 Qf5 24. Bd4 Kg7 25. Qd2 Rxe1+ 26. Rxe1 Re8 27. Bxf6+
Qxf6 28. Rxe8 Bxe8 29. Kf2 Bd7 30. Be4 h4 31. Ke3 hxg3 32. hxg3 b6 33. Qd4 a5
34. a3 Qxd4+ 35. Kxd4 Kf6 36. Ke3 g5 37. b4 axb4 38. axb4 Ba4 39. Bf3 gxf4+ 40.
Kxf4 Bb3 41. Be2 b5 42. cxb5 Bxd5 43. Bd3 Bg2 44. g4 Bd5 45. g5+ Ke6 46. Bf5+
Ke7 47. Bd3 Ke6 {Ke4 Ke5+} 1/2-1/2

[Event "Deutsche Ländermeisterschaft 2013"]
[Site "Hannover GER"]
[Date "2013.10.06"]
[Round "7"]
[White "Schirra, Maurice"]
[Black "Kempe, Anne"]
[Result "1/2-1/2"]
[Termination "normal"]
[Board "5.6"]
[WhiteTitle "12"]
[BlackTitle "14w"]
[WhiteElo "1662"]
[BlackElo "1790"]
[WhiteTeam "Hessen"]
[BlackTeam "Sachsen"]
[WhiteFideId "12941115"]
[BlackFideId "12918083"]
[EventCountry "GER"]
[EventRounds "7"]
[EventType "team-swiss"]
[EventDate "2013.10.02"]

1. e4 c5 2. Nc3 Nc6 3. Bb5 Na5 4. Be2 a6 5. a4 d6 6. f4 e6 7. Nf3 Ne7 8. O-O g6
9. d3 Bg7 10. Qe1 b6 11. Nh4 O-O 12. Be3 Nac6 13. Nd1 Nd4 14. Bxd4 cxd4 15. c3
f5 16. c4 Bb7 17. Bf3 Rb8 18. Qd2 Bh6 19. g3 e5 20. Ng2 Qd7 21. b3 Kh8 22. Nb2
Rf7 23. Rf2 Rbf8 24. Raf1 fxe4 25. Bxe4 Nf5 26. Qe2 Bxe4 27. dxe4 Ng7 28. Nd3
Qe8 29. Rf3 a5 30. R1f2 Nh5 31. Kh1 Bg7 32. Kg1 Qd7 33. Nh4 Kg8 34. Ng2 1/2-1/2

[Event "Deutsche Ländermeisterschaft 2013"]
[Site "Hannover GER"]
[Date "2013.10.06"]
[Round "7"]
[White "Nobis, Anna"]
[Black "Schneider, Sabrina"]
[Result "1-0"]
[Termination "normal"]
[Board "5.7"]
[WhiteTitle "14w"]
[BlackTitle "16w"]
[WhiteElo "1749"]
[BlackElo "1638"]
[WhiteTeam "Sachsen"]
[BlackTeam "Hessen"]
[WhiteFideId "1270302"]
[BlackFideId "12951986"]
[EventCountry "GER"]
[EventRounds "7"]
[EventType "team-swiss"]
[EventDate "2013.10.02"]

1. e4 e5 2. Nf3 Nf6 3. Nc3 Nc6 4. d4 exd4 5. Nxd4 Bb4 6. Nxc6 bxc6 7. Qf3 O-O
8. Bd3 d5 9. O-O Re8 10. Bg5 Be7 11. exd5 Nxd5 12. Bxe7 Rxe7 13. Be4 Be6 14.
Rad1 Rd7 15. Na4 Qf6 16. Qxf6 gxf6 17. Nc5 Rdd8 18. Rd3 Ne7 19. Rg3+ Kh8 20.
Nxe6 fxe6 21. Re1 e5 22. Bd3 Nd5 23. Rh3 Rd7 24. Bf5 Rg7 25. g3 Rb8 26. b3 Re8
27. c4 Nf4 28. Rh6 Ng6 29. Be4 Re6 30. Rd1 Rd6 31. Rxd6 cxd6 32. Bxc6 Kg8 33.
Bd5+ Kf8 34. Be4 Ke7 35. Bf5 Kd8 36. Kg2 Kc7 37. Kf3 Kb6 38. h4 Kc5 39. h5 {
Kd5 Ke4+} 1-0